| 000 | 00412cam a2200181 4500 | ||
|---|---|---|---|
| 001 | D6772 | ||
| 008 | 090401t1923 xxu||||| |||| 00| 0 eng d | ||
| 035 | _a(Sirsi) u2946 | ||
| 041 | _aeng | ||
| 050 | _a333.339 | ||
| 100 | _aLouis, Henry | ||
| 245 | _aMineral valuation | ||
| 260 |
_aLondon _bCharles Griffin and Co _c1923 |
||
| 300 | _aviii. 281p. 23cm | ||
| 350 | _a0 | ||
| 942 | _n0 | ||
| 948 | _c04/03/1997 | ||
| 999 |
_c85837 _d85837 |
||